01074nas a2200277Ia 4500001001600000003001000016008004100026040002500067041001300092100002100105210003300126222003300159245009800192250001100290260000900301501012300310300001400433362003100447500004800478650003500526700001100561942000700572957000600579999003300585952017800618A04/R036-52372 IT-MiCISF161014c99999999xx |||||||||||| ||und|| aIT-MiCISFcIT-MiCISF aITALIANO aDonati Pierpaolo aRassegna di servizio sociale aRassegna di servizio sociale 0aLe politiche e i servizi sociali di fronte alla modernizzazione riflessiva: oltre il lib/lab? a1a ed. c2012 bCISF - Centro Internazionale Studi Famiglia - Via Giotto, 36 20145 MILANO (non commercial uses only)cCopyright 2016 app. 16-36 an. 1, gennaio-marzo [2012] a Tema: servizi-sociali, welfare, sociologia aservizi alla personavarticolo aAA.VV. cCR 71 a52372bSig1c226556d226556 0010406A_04_000000000000000_R0365237271aCISFbCISFd2016-10-14l0oA04/R036-52372 r2016-10-14 00:00:00w2016-10-14yCRzData import 15.10.2016 / by Epidotti, Vaglietti